Deutsche Fußballmeister – Sudden Death - Statistiken

Allgemein
  • Dieses Quiz wurde 57.469 mal gespielt
  • Das Durchschnittsergebnis liegt bei 10 aus 14
Answers on the Grid
Answers color-coded by a green-red scale on the quiz's grid according to % correct below.
Borussia Mönchengladbach
Borussia Dortmund
Bayer Leverkusen
Eintracht Frankfurt
FC Schalke 04
1. FC Kaiserslautern
Hertha BSC
Hamburger SV
Werder Bremen
Bayern München
1. FC Köln
VfB Stuttgart
VfL Wolfsburg
1. FC Nürnberg
FSV Mainz 05
VfL Bochum
FC St. Pauli
FC Augsburg
Arminia Bielefeld
Stuttgarter Kickers
RB Leipzig
TSG Hoffenheim
Bonner SC
SV Drochtersen/Assel
 
Antwortstatistiken
Antwort % Korrekt
Bayern München
89%
Borussia Dortmund
87%
Bayer Leverkusen
84%
Hamburger SV
81%
VfB Stuttgart
78%
1. FC Köln
76%
Werder Bremen
76%
Borussia Mönchengladbach
74%
1. FC Kaiserslautern
72%
FC Schalke 04
70%
1. FC Nürnberg
69%
VfL Wolfsburg
67%
Eintracht Frankfurt
64%
Hertha BSC
48%
Keine übereinstimmenden Quizze gefunden
Verteilung der Resultate
Anzahl Personen mit jedem Resultat
Perzentil nach korrekt beantworteten Fragen
Ihre Resultats-Entwicklung
Sie haben dieses Quiz noch nicht gespielt